00432nam a2200181Ia 4500008004100000020001800041050001400059100002000073245001900093245003900112260001500151260001600166260000900182300001400191300002700205300001000232500000800242170918s9999 xx 000 0 und d a9780545650632 bR848 2012 aRotner, Shelley aBody actions / cShelley Rotner and David A. White. aNew York : bScholastic, c2012 aunpaged : bcolored illustration ; c28cm. a800